Vice Presidents by First Name Quiz Stats

 Plays Quiz not verified by Sporcle

Score 0/48 Timer 07:00
0 Plays Today
Name (initial) Surname % Correct
Richard M.Johnson
97.6%
AndrewJohnson
97.6%
Lyndon B.Johnson
97.6%
Harry S.Truman
95.6%
CalvinCoolidge
94.8%
Chester A.Arthur
94%
Adlai E.Stevenson
94%
Richard M.Nixon
93.5%
TheodoreRoosevelt
93.1%
AaronBurr
92.7%
Spiro T.Agnew
92.7%
MillardFillmore
92.3%
Gerald R.Ford
92.3%
GeorgeBush
89.5%
Hubert H.Humphrey
87.5%
Nelson A.Rockefeller
87.5%
JohnAdams
86.3%
J. DanforthQuayle
85.5%
ThomasJefferson
84.7%
MartinVan Buren
84.7%
AlbertGore
82.7%
JosephBiden
81%
John C.Calhoun
80.6%
JohnTyler
77.8%
Name (initial) Surname % Correct
WalterMondale
77.8%
HannibalHamlin
77%
MichaelPence
72.4%
ElbridgeGerry
69.4%
RichardCheney
69.4%
Charles G.Dawes
68.1%
GeorgeClinton
67.7%
Alben W.Barkley
67.7%
SchuylerColfax
66.1%
Levi P.Morton
61.3%
HenryWilson
60.5%
Henry A.Wallace
59.3%
John N.Garner
56.9%
William R.King
56.5%
Thomas R.Marshall
54%
Daniel D.Tompkins
53.2%
James S.Sherman
53.2%
Charles W.Fairbanks
51.2%
George M.Dallas
50.4%
Garret A.Hobart
50%
John C.Breckenridge
47.6%
CharlesCurtis
47.2%
William A.Wheeler
44.8%
Thomas A.Hendricks
44%

You're not logged in!

Compare scores with friends on all Sporcle quizzes.
OR
Log In

Show Comments

Extras

Top Quizzes Today


Score Distribution

Your Account Isn't Verified!

In order to create a playlist on Sporcle, you need to verify the email address you used during registration. Go to your Sporcle Settings to finish the process.

Report this User

Report this user for behavior that violates our Community Guidelines.

Details: